000 00465nam a2200169Ia 4500
999 _c10962
_d10962
003 OSt
005 20200101144554.0
008 190216s9999||||xx |||||||||||||| ||und||
040 _coclc
082 _a333.7
_bEUG/E
100 _aEugine, T
_9604
245 0 _aEnvironmental Economics /
_c T Eugine
260 _bVrinda Publications,
_aDelhi:
_c2005.
300 _a496p
650 _aEconomics
942 _cBK
_2ddc
_h333.7
_iEUG/E
_k333.7
_mEUG/E